| 000 | 00864nas a2200265 i 4500 | ||
|---|---|---|---|
| 001 | 768714001 | ||
| 003 | CO-MdFUSB | ||
| 005 | 20220928171732.0 | ||
| 008 | 220928s2013 ck ||||| |||| 00| 0 spa d | ||
| 022 | _a2011-1991 | ||
| 037 | _bPontificia Universidad Javeriana | ||
| 040 |
_bspa _cCO-MdFUSB _dCO-MdFUSB _erda |
||
| 041 |
_aspa _hspa |
||
| 110 | _aPontificia Universidad Javeriana | ||
| 245 |
_aReflexiones teológicas : _brevistas de estudiantes de teología _c/ Pontificia Universidad Javeriana |
||
| 264 | 4 |
_aBogotá, Colombia : _bPontificia Universidad Javeriana _c[2013] |
|
| 300 | _c; 24 cm | ||
| 310 | _a2013 | ||
| 336 |
_2rdacontent _atexto _btxt |
||
| 337 |
_2rdamedia _asin mediación _bn |
||
| 338 | _avolumen | ||
| 650 | _vPublicaciones seriadas | ||
| 773 | _dBogotá, Colombia, Pontificia Universidad Javeriana, 2013 | ||
| 942 |
_2ddc _a3 _cANA |
||
| 999 |
_c68226 _d68226 |
||